E-GOVERNANCE: Concepts and case studies (Record no. 2682)

MARC details
000 -LEADER
fixed length control field 00402nam a22001697a 4500
005 - DATE AND TIME OF LATEST TRANSACTION
control field 20210915121459.0
008 - FIXED-LENGTH DATA ELEMENTS--GENERAL INFORMATION
fixed length control field 160614b xxu||||| |||| 00| 0 eng d
020 ## - INTERNATIONAL STANDARD BOOK NUMBER
ISBN 81-203-2647-4
041 ## - LANGUAGE CODE
Language code of text/sound track or separate title eng
082 ## - DEWEY DECIMAL CLASSIFICATION NUMBER
Item number 7497
Classification number 320
100 ## - MAIN ENTRY--AUTHOR NAME
Personal name Prabhu, C.S.R.
245 ## - TITLE STATEMENT
Title E-GOVERNANCE: Concepts and case studies
260 ## - PUBLICATION, DISTRIBUTION, ETC. (IMPRINT)
Name of publisher PHI
Year of publication 2004
300 ## - PHYSICAL DESCRIPTION
Number of Pages 241
650 ## - SUBJECT ADDED ENTRY--TOPICAL TERM
Topical Term Management
942 ## - ADDED ENTRY ELEMENTS (KOHA)
Koha item type Books
Holdings
Lost status Damaged status Collection code Home library Current library Shelving location Date acquired Cost, normal purchase price Full call number Accession Number Koha item type
    LAW JRU Library JRU Library SHELF-29-F 14/06/2016 295.00 320 7497 Books
    LAW JRU Library JRU Library SHELF-29-F 14/06/2016 295.00 320 7498 Books
    LAW JRU Library JRU Library SHELF-29-F 14/06/2016 295.00 320 7499 Books
    LAW JRU Library JRU Library SHELF-29-F 14/06/2016 295.00 320 7500 Books
    LAW JRU Library JRU Library SHELF-29-F 14/06/2016 295.00 320 7501 Books
    LAW JRU Library JRU Library SHELF-29-F 14/06/2016 295.00 320 7502 Books
    LAW JRU Library JRU Library SHELF-29-F 14/06/2016 295.00 320 7503 Books
    LAW JRU Library JRU Library SHELF-29-F 14/06/2016 295.00 320 7504 Books
    LAW JRU Library JRU Library SHELF-29-F 14/06/2016 295.00 320 7505 Books